| 000 | 00560nam a2200193 a 4500 | ||
|---|---|---|---|
| 001 | 000040786 | ||
| 005 | 20240412074300.0 | ||
| 008 | 130906s2009 dr r 000 p spa d | ||
| 040 |
_aDO-SdBNP _bspa _cBNPHU |
||
| 082 |
_aRD861.5 _bA636i |
||
| 100 | 1 |
_aAntuna, Janyll _967204 |
|
| 245 | 1 | 0 |
_aIntimidades / _cJanyll Antuna. |
| 260 |
_aSanto Domingo : _b[s.n.], _c2009. |
||
| 300 |
_a21 p. ; _c21 cm. |
||
| 590 | _aInventariado, 2018/VM | ||
| 650 | 0 |
_aPoesÃa dominicana _966 |
|
| 650 | 0 |
_aLiteratura dominicana. _967 |
|
| 910 | _aValidado. Control de calidad MFF | ||
| 999 |
_c40276 _d40276 |
||